Thoreau, reporter of the universe ; a selection of his writings about nature, for all readers from eight years old to eighty /

Bibliographic Details
Main Author: Thoreau, Henry David, 1817-1862
Other Authors: Stevens, Bertha
Format: Book
Language:English
Published: New York : The John Day company, [1939]
Subjects:

MARC

Tag First Indicator Second Indicator Subfields
LEADER 00000cam a2200000 4500
001 in00000025444
005 20151007062437.0
008 750731s1939 nyuabf 00010 eng u
010 |a  39025594  
035 |a (OCoLC)01494709 
035 |9 AAD4902AM 
040 |c JPL  |d TXA  |d UtOrBLW 
049 |a TXAM  |c [168967] 
050 0 0 |a PS3042  |b .S8 
082 0 |a 818.31 
092 |a 818  |b T488s 
100 1 |a Thoreau, Henry David,  |d 1817-1862. 
245 1 0 |a Thoreau, reporter of the universe ;  |b a selection of his writings about nature, for all readers from eight years old to eighty /  |c selected and arranged by Bertha Stevens ... 
264 1 |a New York :  |b The John Day company,  |c [1939] 
264 4 |c [©1939] 
300 |a xiv, 229 pages :  |b frontispiece, illustrations, plates, folded map. ;  |c 21 cm. 
336 |a text  |b txt  |2 rdacontent 
337 |a unmediated  |b n  |2 rdamedia 
338 |a volume  |b nc  |2 rdacarrier 
650 0 |a Natural history. 
700 1 |a Stevens, Bertha. 
999 |a MARS 
999 f f |s d75517b8-691a-31f6-8489-52a18c3918e5  |i 4f24f683-ba70-327b-b383-37204b6b66ce  |t 0 
952 f f |p ric  |a Texas A&M University  |b Rellis Campus  |c Joint Library Facility  |d Remote Storage  |t 0  |e PS3042 .S8  |h Library of Congress classification  |i unmediated -- volume  |m A14801265773 
998 f f |a PS3042 .S8  |t 0  |l Remote Storage